Eastern Utah Libraries Catalog: Duchesne, Heber, Roosevelt, & Vernal

The dysfunctional family's guide to murder / (Record no. 415949)

MARC details
000 -LEADER
fixed length control field 02901pam a2200529 i 4500
001 - CONTROL NUMBER
control field 2025016334
003 - CONTROL NUMBER IDENTIFIER
control field DLC
005 - DATE AND TIME OF LATEST TRANSACTION
control field 20260130091924.0
007 - PHYSICAL DESCRIPTION FIXED FIELD--GENERAL INFORMATION
fixed length control field t|
008 - FIXED-LENGTH DATA ELEMENTS--GENERAL INFORMATION
fixed length control field 250408s2025 nyu d 000 1 eng
010 ## - LIBRARY OF CONGRESS CONTROL NUMBER
LC control number 2025016334
020 ## - INTERNATIONAL STANDARD BOOK NUMBER
International Standard Book Number 9798217030163
Qualifying information (hardcover)
020 ## - INTERNATIONAL STANDARD BOOK NUMBER
International Standard Book Number 9798217030170
Qualifying information (library binding)
020 ## - INTERNATIONAL STANDARD BOOK NUMBER
Cancelled/invalid ISBN 9798217030187
Qualifying information (epub)
035 ## - SYSTEM CONTROL NUMBER
System control number (OCoLC)1492445926
040 ## - CATALOGING SOURCE
Original cataloging agency DLC
Language of cataloging eng
Description conventions rda
Transcribing agency DLC
Modifying agency DLC-MRC
-- TnLvILS
042 ## - AUTHENTICATION CODE
Authentication code pcc
-- cyac
050 00 - LIBRARY OF CONGRESS CALL NUMBER
Classification number PZ7.1.E47388
Item number Dy 2025
082 00 - DEWEY DECIMAL CLASSIFICATION NUMBER
Classification number [Fic]
Edition number 23/eng/20250408
100 1# - MAIN ENTRY--PERSONAL NAME
Personal name Emery, Kate,
Relator term author
Relator code aut
-- http://id.loc.gov/vocabulary/relators/ aut
-- http://id.loc.gov/authorities/names/n2025015780
9 (RLIN) 6551899
245 14 - TITLE STATEMENT
Title The dysfunctional family's guide to murder /
Statement of responsibility, etc Kate Emery.
250 ## - EDITION STATEMENT
Edition statement First American edition.
264 #1 - Production, Publication, Distribution, Manufacture, and Copyright Notice.
Place of production, publication, distribution, manufacture New York :
Name of producer, publisher, distributor, manufacturer Alfred A. Knopf,
Date of production, publication, distribution, manufacture, or copyr [2025]
300 ## - PHYSICAL DESCRIPTION
Extent 304 pages ;
Dimensions 22 cm
334 ## -
-- single unit
-- mono
-- http://id.loc.gov/vocabulary/issuance/mono
336 ## - Content Type
Content type term text
-- http://id.loc.gov/vocabulary/contentTypes/ txt
337 ## - Media type
Media type term unmediated
-- http://id.loc.gov/vocabulary/mediaTypes/n
338 ## - Carrier type
Carrier type term volume
-- http://id.loc.gov/vocabulary/carriers/nc
385 ## -
-- Age group
-- age
-- Teenagers
-- http://id.loc.gov/authorities/ demographicTerms/dg2015060011
500 ## - GENERAL NOTE
General note "Originally published by Allen & Unwin, Crows Nest, Australia, in 2024"--Title page verso.
521 ## - TARGET AUDIENCE NOTE
Target audience note Grades 10-12.
Source Alfred A. Knopf.
520 ## - SUMMARY, ETC.
Summary, etc When her step-grandmother dies during a family vacation, fourteen-year-old, mystery-loving Ruth gets her dream chance to solve a real-life murder--only to discover that every relative might be a suspect.
588 ## -
-- Description based on publisher data.
-- TnLvILS
650 #0 - SUBJECT ADDED ENTRY--TOPICAL TERM
Topical term or geographic name as entry element Family vacations
Form subdivision Juvenile fiction.
9 (RLIN) 5705844
650 #0 - SUBJECT ADDED ENTRY--TOPICAL TERM
Topical term or geographic name as entry element Murder
General subdivision Investigation
Form subdivision Juvenile fiction.
9 (RLIN) 5704682
650 #0 - SUBJECT ADDED ENTRY--TOPICAL TERM
Topical term or geographic name as entry element Families
Form subdivision Juvenile fiction.
9 (RLIN) 5674031
650 #1 - SUBJECT ADDED ENTRY--TOPICAL TERM
Topical term or geographic name as entry element Mystery and detective stories
-- http://id.loc.gov/authorities/ childrensSubjects/sj96005978
650 #1 - SUBJECT ADDED ENTRY--TOPICAL TERM
Topical term or geographic name as entry element Family vacations
Form subdivision Fiction.
9 (RLIN) 5753835
650 #1 - SUBJECT ADDED ENTRY--TOPICAL TERM
Topical term or geographic name as entry element Murder
Form subdivision Fiction.
9 (RLIN) 5674892
650 #1 - SUBJECT ADDED ENTRY--TOPICAL TERM
Topical term or geographic name as entry element Family life
Form subdivision Fiction.
9 (RLIN) 5674038
655 #7 - INDEX TERM--GENRE/FORM
Genre/form data or focus term Detective and mystery fiction.
Source of term lcgft
-- http://id.loc.gov/ authorities/genreForms/gf2014026280
9 (RLIN) 5683641
655 #7 - INDEX TERM--GENRE/FORM
Genre/form data or focus term Novels.
Source of term lcgft
-- http://id.loc.gov/authorities/genreForms/ gf2015026020
758 ## -
-- http://id.loc.gov/resources/instances/24144060
758 ## -
-- http://id.loc.gov/ontologies/bibframe/instanceOf
-- http:// id.loc.gov/resources/works/24144060
776 1# - ADDITIONAL PHYSICAL FORM ENTRY
Display text Online version
-- http://id.loc.gov/entities/relationships/ onlineversion
Main entry heading Emery, Kate
Title Dysfunctional family's guide to murder
Place, publisher, and date of publication New York : Alfred A. Knopf, 2025
International Standard Book Number 9798217030187
Record control number (DLC) 2025016335
884 ## -
-- DLC bibframe2marc v2.10-dev
-- 20250408
-- DLC
-- https://github.com/ lcnetdev/bibframe2marc/releases/tag/v2.10-dev
Holdings
Withdrawn status Lost status Source of classification or shelving scheme Damaged status Not for loan Collection code Home library Current library Shelving location Date acquired Source of acquisition Total Checkouts Full call number Barcode Date last seen Cost, replacement price Price effective from Koha item type
    Dewey Decimal Classification     Young Adult Fiction Wasatch County Library Wasatch County Library Main Floor Teen Area 02/25/2026 Ingram   YA Emery 34301002180174 02/26/2026 19.99 02/25/2026 BOOK
This project was made possible through a grant from the Institute of Museum and Library Service administered by the Utah State Library Division.

Wasatch County Library

  • 465 East 1200 South, Heber City, Utah 84032
  • Phone 435-654-1511 | Fax 435-654-6456

Hours

  • Monday - Friday 9:30 AM - 8:00 PM
  • Saturday 9:30 AM - 1:30 PM
  • Closed Sundays and Holidays